Starosta Casterbridgeský Příběh člověka pevné vůle

Podrobná bibliografia
Hlavný autor: Hardy, Thomas, 1840-1928 (Autor)
Médium: Kniha
Jazyk:neznámy jazyk
Fyzický popis:251 s.
Vydavateľské údaje: Praha Odeon 1972

MARC

LEADER 00000nam a2200000 a 4500
001 vtls001314512
003 SK-MaSNL
005 20260301114004.0
008 240315s1972 xx 0 und
035 |a SNK000266975 
040 |a SNK  |b slo  |c SNK  |e AACR2 
100 1 |a Hardy, Thomas,  |d 1840-1928  |4 aut  |9 120191 
245 1 |a Starosta Casterbridgeský  |b Příběh člověka pevné vůle 
260 |a Praha  |b Odeon  |c 1972 
300 |a 251 s. 
958 |a OND 
999 |c 716619  |d 718549 
952 |a SNK  |b SNK  |y VYP  |7 0  |p 17A0568347  |o snkIC 51162  |i snkKIP 1398/72  |3 rekatalogizácia  |0 0  |1 0  |4 0  |d 2007-11-16  |l 0  |r 2026-02-23 21:48:01  |w 2026-02-23 
952 |a SNK  |b SNK  |y NEVYP  |7 0  |p 17A0114380  |o snkIC 51162 D1  |0 0  |1 1  |4 0  |d 1997-12-12  |l 0  |r 2005-01-02 00:00:00  |w 2026-02-23